000 01282nam a2200253 a 4500
001 BRCA_8804
005 20190320210423.0
008 210417s1770----sp-#######---#000-0#spa-#
041 _aspa
044 _asp
084 _aBE183
_b.B67 1770
100 1 _aBossuet, Jacobo Benigno
_921906
245 1 0 _aEl celebre catecismo de la doctrina christiana
_cdispuesto por el Ilmo. Sr. Jacobo Benigno Bossuet; traducidos de el francés por Don Miguel Joseph Fernández...
260 _aMadrid
_bPor Andrés Ortega
_c1770
300 _aXXVIII, 438 p.
_c19.7 x 15 cm.
500 _aCon las licencias necesarias
500 _aEn portada: es mui útil, no solo para los niños, si también para los jóvenes, y los Ancianos, pues instruye à los Maestros de fuerte, que estos pueden enseñar con todo acierto à sus Discipulos
500 _aEn portada: Si nite párvulos venire ad me, ne prohibueritis eos: tailumenime est Regnum Dei. Matth. XIX. Vers. 14. Mrc. X. vers. 14
500 _aEstado físico: presenta encuadernación rota en papel con anotaciones, con lomo desprendido, algunas hojas manchadas y algunos cuadernillos sueltos
650 1 4 _aIglesia católica
_vCatecismo
_xEspañol
_921942
700 1 _aFernández, Miguel Joseph
_etr.
_921943
902 _aCFM
942 _2lcc
_cB
999 _c8455
_d8455